Statistics for Countries With Highest Electricity Production

Click here to take the quiz!

General Stats

  • This quiz has been taken 70 times
  • The average score is 7 of 8

Answer Stats

Answer% Correct
United States
100%
China
99%
India
93%
Russia
93%
Canada
90%
Germany
90%
Japan
87%
Brazil
81%

Score Distribution

Percentile by Number Answered

Percent of People with Each Score

Your Score History

You have not taken this quiz